| 000 | 00455nam a2200181Ia 4500 | ||
|---|---|---|---|
| 008 | 230524s9999 xx 000 0 und d | ||
| 020 | _a0748408789 | ||
| 082 |
_a621.3812 _bLEN |
||
| 100 | _aTorkel Glad | ||
| 245 | 0 | _aControl Theory (Multivariable and Nonlinear Methods) | |
| 250 | _a1ST | ||
| 260 |
_aNEWYORK _bThomson _c2002 |
||
| 300 | _aXIV;467 | ||
| 500 | _aQuantity Number: 2 | ||
| 650 | _aElectrical | ||
| 700 | _aLennart Ljung | ||
| 942 | _cBK | ||
| 999 |
_c6609 _d6609 |
||